00254nam a2200073Ia 4500008004100000245002600041260007600067500003700143231221s9999 xx 000 0 und d 0aCalifornia Law Review c1956bUniversity of CaliforniaaBerkeley, School of Law (United States) aGratis from NLSIU. Acc. No 5339